000 00724nam a2200193 a 4500
001 BRCA_431
005 20190320203016.0
008 911016s1990 mx-#---###---#001-0#spa-#
020 _a9684997426
050 4 _aNA732
_b.D63 1990
245 1 0 _aLa documentación de arquitectura histórica
_cDirk Bühler editor.
260 _aMéxico
_bUniversidad de las Américas Puebla
_c1990
300 _a117 p.
_bil. planos, tablas
_c30 cm.
500 _aMemorias del 1er Simposio sobre Documentación de Arquitectura Histórica, Puebla, 2 y 3 septiembre 1989
650 1 4 _aArquitectura
_xHistoria
_91467
650 1 4 _aConservación y restauración de monumentos
_xAspectos legales
_91468
700 1 _aBühler, Dirk
_91469
942 _2lcc
_cB
999 _c366
_d366